banner-ar

نظم ادارة الانتخابات فى مصر : (Record no. 59959)

MARC details
000 -الفاتح
حقل البيانات ثابتة الطول 01303nam a22003017a 4500
005 - وقت وتاريخ اخر تعامل مع التسجيلة
رقم الضبط 20240530110345.0
008 - عناصر البيانات ثابتة الطول - معلومات عامة
حقل البيانات ثابتة الطول 141203s2006 ua r 000 0 ara d
017 ## - رقم الايداع القانونى
رقم الايداع القانونى 5540/2006
المصدر ( الهيئة المختصة) مصر . دار الكتب المصرية
020 ## - الرقم الدولى المعيارى للكتب
الرقم الدولى المعيارى للكتاب 9772273535
040 ## - مصدر الفهرسة
وكالة الفهرسة الأصلية EG-CaGPL
041 0# - رمز اللغة
رمز لغة النص/ المسارات الصوتية أو العنوان الانفرادي ara
082 04 - رقم تصنيف ديوى العشرى
رقم الطبعة 21
رقم التصنيف 324.6
رقم المادة ق/ع ن
100 0# - المدخل الرئيسى - إسم شخصى
الإسم الشخصى عمرو هاشم ربيع
245 10 - بيان العنوان
العنوان نظم ادارة الانتخابات فى مصر :
بقية العنوان مع المقارنة بحالة بلدان اخرى /
بيان المسئوليه,etc تحرير عمرو هاشم ربيع ... [ واخ . ]
260 ## - PUBLICATION, DISTRIBUTION, ETC. (IMPRINT)
تاريخ النشر أو التوزيع 2006
300 ## - الوصف المادى
التعداد 165 ص ؛
أبعاد الوعاء 24 سم
650 04 - المدخل الاضافى بالموضوع-مصطلح موضوعى
مصطلح موضوعي الانتخابات
التقسيم الفرعي الجغرافي مصر
650 04 - المدخل الاضافى بالموضوع-مصطلح موضوعى
مصطلح موضوعي الانتخابات
التقسيم الفرعي العام الرقابة القضائية
التقسيم الفرعي الجغرافي مصر
650 04 - المدخل الاضافى بالموضوع-مصطلح موضوعى
مصطلح موضوعي الدوائر الانتخابية
التقسيم الفرعي الجغرافي مصر
650 04 - المدخل الاضافى بالموضوع-مصطلح موضوعى
مصطلح موضوعي الانتخابات الرئاسية
التقسيم الفرعي الجغرافي مصر
650 04 - المدخل الاضافى بالموضوع-مصطلح موضوعى
مصطلح موضوعي الانتخابات
التقسيم الفرعي الجغرافي المكسيك
700 0# - المدخل الاضافى - اسم شخصى
الإسم الشخصى ابراهيم درويش
الدور مؤلف مشارك
700 0# - المدخل الاضافى - اسم شخصى
الإسم الشخصى احمد ثابت
الدور مؤلف مشارك
700 0# - المدخل الاضافى - اسم شخصى
الإسم الشخصى فاروق ابوزيد
الدور مؤلف مشارك
710 0# - المدخل الاضافى - اسم هيئه
اسم الهيئة أو اسم السلطة كمدخل عمرو الشوبكى
الدور مؤلف مشارك
942 ## - عناصر المدخل الإضافي( كوها)
مصدر التصنيف او مخطط الترفيف Dewey Decimal Classification
Koha [default] item type كتاب
260 ## - PUBLICATION, DISTRIBUTION, ETC. (IMPRINT)
-- القاهرة :
-- مركز الدراسات السياسية والاستراتيجية ،
Holdings
حالة التراجع حالة الفقد حالة تلف ليس للاعارة المكان المؤقت الموقع الحالى تاريخ الاكتساب اجمالي اﻻعارات رقم الطلب الباركود تاريخ اخر مشاهدة تاريخ تفعيل السعر نوع وعاء كوها
        مكتبة القاهرة الكبرى مكتبة القاهرة الكبرى 12/03/2014   324.6 ق/ع ن 158925 10/05/2022 12/03/2014 كتاب

Powered By

EGPV